000 00716cab a2200229 4500
001 X3508
008 090401t1996 xxu||||| |||| 00| 0 eng d
035 _a(Sirsi) u30908
041 _aeng
245 _aR v Berkshire CC ex parte Wokingham DC
260 _c1996
350 _a0
490 _aNew Property Cases
_v[1996] NPC 112(2)
520 _aCA 2 July 1996. County or District matters - Town and Country Planning Act 1990 Sch1 para.3. NOT TO BE PHOTOCOPIED.
650 _aR V BERKSHIRE CC EX P WOKINGHAM DC
650 _aTOWN AND COUNTRY PLANNING ACT 1990
650 _aTOWN PLANNING
650 _aWASTE DISPOSAL
690 _aPLANNING LAW AND PRACTICE-CASE LAW
942 _n0
948 _c04/03/1997
999 _c20807
_d20807